| 000 | 00860nas a2200301 4500 | ||
|---|---|---|---|
| 001 | BR0203419 | ||
| 003 | BR-BrBNA | ||
| 005 | 20231205103111.0 | ||
| 007 | ta | ||
| 008 | 230509b bl.|||p| |||| 00| 00por d | ||
| 040 |
_aBR-BrBNA _bpor _cBiblioteca Nacional de Agricultura |
||
| 041 | _a(Pt) | ||
| 072 | _aF06; F62 | ||
| 100 | 1 | _aSilva, A.P. da | |
| 100 | 1 | _aSantos, C.J.O. | |
| 100 | 1 | _aSantos, J.B. dos | |
| 100 | 1 | _aCavalcante, L.F. | |
| 245 | 1 | _aCrescimento vegetativo do quiabeiro em função da salinidade da água de irrigação | |
| 650 | _aQUIABO | ||
| 650 | _aIRRIGAÇÃO | ||
| 650 | _aSALINIDADE | ||
| 650 | _aÁGUA | ||
| 650 | _aCRESCIMENTO | ||
| 650 | _aFISIOLOGIA VEGETAL | ||
| 773 | 0 |
_tIrriga (Brazil) _xISSN 1413-7895 _g(2001), v. 6(2) p. 81-90 _wBR0203419 |
|
| 909 |
_a202311 _bLúcia _c55 _dLúcia Elande |
||
| 942 |
_2AGRIS _n0 _cANA |
||
| 999 |
_c171072 _d171072 |
||